Anaeróbna produkcia metabolitov z obnoviteľných zdrojov uhlíka

Enregistré dans:
Détails bibliographiques
Auteur principal: Janák, Miroslav
Format: Logiciel Livre
Langue:slovaque
Publié: Bratislava STU FCHPT 2012
Accès en ligne:Voir à l'OPAC
Tags: Ajouter un tag
Pas de tags, Soyez le premier à ajouter un tag!

MARC

LEADER 00000nam a2200000 a 4500
005 20260127133942.0
007 co ugu
008 120926 2012 xo 000 0 slo d
035 |a vtls010453548 
039 9 |y 201209260931  |z mschk03 
040 |a STUSCHK1  |b slo  |c STUSCHK1  |e AACR2 
100 1 |a Janák, Miroslav 
245 1 |a Anaeróbna produkcia metabolitov z obnoviteľných zdrojov uhlíka  |c Miroslav Janák 
260 |a Bratislava  |b STU FCHPT  |c 2012 
300 |a 1 elektronický disk 
500 |a Obháj.: 12.7. 2012 
500 |a Študijný program: biotechnológie 
500 |a Študijný odbor: 5.2.25 biotechnológie 
500 |a Bakalárska práca na CD-ROMe 
500 |a FCHPT, Oddelenie biochemickej technológie 
500 |a Evidenčné číslo: 5419-58255 
910 |a SCHK95 
999 |c 757  |d 757